000
00330nam a2200145Ia 4500
008
191201s2008 xx 000 0 und d
082
_a
004.678
_b
LEI
100
_a
LEON, Alexis
245
0
_a
Internet for Everyone
250
_a
Rep.
260
_a
N.Delhi
_b
PHI
_c
2008
300
_a
173
650
_a
B.Tech(CSE)
942
_2
ddc
_c
BK
999
_c
3573
_d
3573